Statistics for Country connect with map: Smallest country

Click here to take the quiz!

General Stats

  • This quiz has been taken 72 times
    (58 since last reset)
  • The average score is 124 of 157

Answers on the Map

Answers color-coded by a green-red scale on the quiz's map according to % correct below.
 

Answer Stats

Answer% Correct
Italy
100%
San Marino
100%
Vatican City
100%
Albania
98%
Andorra
98%
Austria
98%
Belgium
98%
Bosnia and Herzegovina
98%
Bulgaria
98%
Croatia
98%
Czech Republic
98%
France
98%
Germany
98%
Greece
98%
Hungary
98%
Kosovo
98%
Liechtenstein
98%
Luxembourg
98%
Monaco
98%
Montenegro
98%
Netherlands
98%
North Macedonia
98%
Portugal
98%
Serbia
98%
Slovakia
98%
Slovenia
98%
Spain
98%
Switzerland
98%
Gambia
95%
Mauritania
95%
Morocco
95%
Senegal
95%
Benin
93%
Burkina Faso
93%
Cameroon
93%
Equatorial Guinea
93%
Gabon
93%
Ghana
93%
Guinea
93%
Guinea Bissau
93%
Ivory Coast
93%
Liberia
93%
Niger
93%
Nigeria
93%
Sierra Leone
93%
Togo
93%
Algeria
90%
Angola
90%
Armenia
90%
Azerbaijan
90%
Bahrain
90%
Belarus
90%
Botswana
90%
Burundi
90%
Central African Republic
90%
Chad
90%
Djibouti
90%
DR Congo
90%
Egypt
90%
Eritrea
90%
Estonia
90%
Eswatini
90%
Ethiopia
90%
Georgia
90%
Iran
90%
Iraq
90%
Israel
90%
Jordan
90%
Kenya
90%
Kuwait
90%
Latvia
90%
Lebanon
90%
Lesotho
90%
Libya
90%
Lithuania
90%
Malawi
90%
Mali
90%
Moldova
90%
Mozambique
90%
Namibia
90%
Oman
90%
Poland
90%
Qatar
90%
Republic of the Congo
90%
Romania
90%
Russia
90%
Rwanda
90%
Saudi Arabia
90%
Somalia
90%
South Africa
90%
South Sudan
90%
Sudan
90%
Syria
90%
Tanzania
90%
Tunisia
90%
Turkey
90%
Uganda
90%
Ukraine
90%
United Arab Emirates
90%
Yemen
90%
Zambia
90%
Zimbabwe
90%
Bangladesh
60%
Bhutan
60%
Brunei
60%
Cambodia
60%
China
60%
East Timor
60%
India
60%
Indonesia
60%
Kazakhstan
60%
Kyrgyzstan
60%
Laos
60%
Malaysia
60%
Myanmar
60%
Nepal
60%
Papua New Guinea
60%
Singapore
60%
Sri Lanka
60%
Tajikistan
60%
Thailand
60%
Turkmenistan
60%
Uzbekistan
60%
Vietnam
60%
Afghanistan
58%
Mongolia
58%
North Korea
58%
Pakistan
58%
South Korea
58%
Ireland
53%
United Kingdom
53%
Colombia
48%
Costa Rica
48%
Guyana
48%
Nicaragua
48%
Panama
48%
Suriname
48%
Venezuela
48%
Argentina
45%
Belize
45%
Bolivia
45%
Brazil
45%
Canada
45%
Chile
45%
Denmark
45%
Ecuador
45%
El Salvador
45%
Finland
45%
Guatemala
45%
Honduras
45%
Mexico
45%
Norway
45%
Paraguay
45%
Peru
45%
Sweden
45%
United States
45%
Uruguay
45%

Score Distribution

Percentile by Number Answered

Percent of People with Each Score

Your Score History

You have not taken this quiz since the last reset